| 000 | 00833nac a22002051u 4500 | ||
|---|---|---|---|
| 010 | _a 2001019593 | ||
| 020 | _a1567204759 (alk. paper) | ||
| 082 | 0 | 0 |
_a658.4012 _bTRU |
| 090 |
_c5962 _d5962 |
||
| 100 | _aTruitt, Wesley B., | ||
| 245 | 1 | 0 |
_aBusiness planning : _ba comprehensive framework and process / _cWesley B. Truitt ; foreword by JoseĆ? de la Torre. |
| 260 |
_aWestport, Conn. : _bQuorum Books,c.2002. _cc.2002. |
||
| 300 |
_axvii, 222 p. : _bill. ; _c25 cm. |
||
| 500 | _aDistributer: Al-Ahram. | ||
| 504 | _aIncludes bibliographical references (p. [197]-211) and index. | ||
| 511 | _aCatalogued By: Mahitab. | ||
| 650 | 0 | _aBusiness planning. | |
| 942 |
_cBB _k658.4012TRU |
||
| 999 |
_c5962 _d5962 |
||